000 00624nam a2200229Ia 4500
003 OSt
005 20220924113854.0
006 a|||||r|||| 00| 0
007 ta
008 220923b |||||||| |||| 00| 0 urd d
024 _a321372
037 _cTextual
040 _aARTS
_cARTS
_burd
041 _2urd
_aurd
082 _aQ7, 168F4
100 _aShastri Sayed Anwarullah Au.
_9170576
245 0 _aMuaqiful mauqineen
260 _aAgra
_bMatba shamas machine India
_c1924
650 _aISLAM
_9577
942 _hQ7, 168F4
_cTEXL
_2CC
999 _c390675
_d390675